| 000 | 00730 a2200169 4500 | ||
|---|---|---|---|
| 003 | Nust | ||
| 005 | 20221017124956.0 | ||
| 040 | _cNust | ||
| 082 | _a600,LOW | ||
| 100 |
_a Low, A. M. _9100458 |
||
| 245 |
_aScience looks ahead, by Professor A.M. Low. With contributions _c A.M. Low. With contributions ,Julian Huxley, C.G. Grey, G.E.T. Eyston [and others] |
||
| 260 |
_aLondon, New York _b [etc.] Oxford university press _c1945 |
||
| 300 |
_a640 p. illus., 47 pl. _bon 46 l. 23 cm. |
||
| 505 | _aEvolution: the history of life (Page-17),The conquest of speed (Page-243),Our foods planets past and future (Page-352),The planets (Page-436), Flying (Page-496), Living fossils (Page-549). | ||
| 650 | _aScience | ||
| 942 |
_2ddc _cBK |
||
| 999 |
_c183077 _d183077 |
||